LEADER 04289nam 2201069z- 450 001 9910639995003321 005 20231214132849.0 010 $a3-0365-4944-7 035 $a(CKB)5470000001633403 035 $a(oapen)https://directory.doabooks.org/handle/20.500.12854/95823 035 $a(EXLCZ)995470000001633403 100 $a20202301d2022 |y 0 101 0 $aeng 135 $aurmn|---annan 181 $ctxt$2rdacontent 182 $cc$2rdamedia 183 $acr$2rdacarrier 200 10$aMolecular Research in Rice: Agronomically Important Traits 2.0 210 $aBasel$cMDPI - Multidisciplinary Digital Publishing Institute$d2022 215 $a1 electronic resource (182 p.) 311 $a3-0365-4943-9 330 $aThis volume presents recent research achievements concerning the molecular genetic basis of agronomic traits in rice. Rice (Oryza sativa L.) is the most important food crop in the world, being a staple food for more than half of the world?s population. Recent improvements in living standards have increased the worldwide demand for high-yielding and high-quality rice cultivars. To develop novel cultivars with superior agronomic performance, we need to understand the molecular basis of agronomically important traits related to grain yield, grain quality, disease resistance, and abiotic stress tolerance. Decoding the whole rice genome sequence revealed that ,while there are more than 37,000 genes in the ~400 Mbp rice genome, there are only about 3000 genes whose molecular functions are characterized in detail. We collected in this volume the continued research efforts of scholars that elucidate genetic networks and the molecular mechanisms controlling agronomically important traits in rice. 517 $aMolecular Research in Rice 606 $aResearch & information: general$2bicssc 606 $aBiology, life sciences$2bicssc 606 $aTechnology, engineering, agriculture$2bicssc 610 $agrain number per panicle 610 $agrain yield 610 $aphase transition 610 $arachis branch 610 $arice panicle 610 $aspikelet specialisation 610 $arice 610 $aflowering time 610 $aambient temperature fluctuation 610 $achromosome segment substitution line (CSSL) 610 $aquantitative trait locus (QTL) 610 $adrought tolerance 610 $acold tolerance 610 $aOryza sativa 610 $aOsCRP1 610 $achloroplast ribonucleoproteins 610 $aNAD(P)H dehydrogenase (NDH) complex 610 $anitrogen use efficiency 610 $atranscriptional regulation 610 $anitrate reductase 610 $anitrate transporter 610 $aglutamate synthase 610 $apotassium chlorate 610 $aQTL 610 $afood shortage 610 $ayield 610 $agrain size 610 $aOsBRKq1 610 $agenome editing 610 $ahomozygous 610 $aproteomics 610 $aC4 rice 610 $aproto-Kranz 610 $aphotosynthetic efficiency 610 $acrop improvement 610 $aspike-stalk injection 610 $atranscription factor 610 $aOsWRKY55 610 $adrought response 610 $aplant growth 610 $aOsAP2-39 610 $ainflorescence architecture 610 $aBLH homedomain protein 610 $abranching pattern 610 $averticillate primary branch 610 $atranscriptome analysis 610 $ahormone pathways 610 $ajaponica DT3 610 $asubmergence tolerance 610 $amarker-assisted backcross 610 $aforeground selection 610 $abackground selection 610 $athree-dimensional imaging 610 $ashoot apical meristem 610 $aroot tip 615 7$aResearch & information: general 615 7$aBiology, life sciences 615 7$aTechnology, engineering, agriculture 700 $aHori$b Kiyosumi$4edt$01295504 702 $aShenton$b Matthew$4edt 702 $aHori$b Kiyosumi$4oth 702 $aShenton$b Matthew$4oth 906 $aBOOK 912 $a9910639995003321 996 $aMolecular Research in Rice: Agronomically Important Traits 2.0$93029032 997 $aUNINA LEADER 01296nam0 22003131i 450 001 UON00235160 005 20231205103521.549 010 $a88-86389-68-X 100 $a20030730d2002 |0itac50 ba 101 $aita 102 $aIT 105 $a|||| ||||| 200 1 $aFrankenstein del Living theatre$fAnna Maria Monteverdi$gnota introduttiva di Judith Malina$gpostfazione di Fernando Mastropasqua 210 $aPisa$cBFS$dc2002 215 $a168 p.$cill.$d21 cm 410 1$1001UON00177380$12001 $aCollana universale Utopie$1210 $aPisa$cBFS$v5 606 $aLIVING THEATRE$3UONC046075$2FI 620 $aIT$dPisa$3UONL000055 676 $a792.097471$cTeatro. New York Borough di Manhattan$v21 700 1$aMonteverdi$bAnna Maria$3UONV142410$0298377 702 1$aMalina$bJudith$3UONV131769 702 1$aMASTROPASQUA$bFernando$3UONV107137 712 $aBFS$3UONV269604$4650 801 $aIT$bSOL$c20260116$gRICA 899 $aSIBA - SISTEMA BIBLIOTECARIO DI ATENEO E ARCHIVIO STORICO$2UONSI 912 $aUON00235160 950 $aSIBA - SISTEMA BIBLIOTECARIO DI ATENEO E ARCHIVIO STORICO$dSI Teat 792 C MON $eSI LO 68465 5 996 $aFrankenstein del Living theatre$91232457 997 $aUNIOR